00496nam a22001697a 450000500170000001000140001702000110003103500100004203700130005208200110006524500450007626000460012127000740016730000270024165000480026865000100031620100804143113.0 aENG-98190 c150.00 a81723 bDBAD/PUB a341.46 aThe aircraft act, 1934 :b(22 of 1934) / aDelhibUniversal Law Publishing Co.c2009 aC-FF-1A, Dilkhush Industrial Estate, G. T. Karnal RoadbDelhie110033 avii, 190p.c24cm (pbk) aAeronautics, commercial law and legislation aIndia